Legislatívne zmeny v mzdovej učtárni v roku 2020

Legislatívne zmeny, ktoré majú priamy dopad na vedenie a spracovanie mzdového účtovníctva. Zmeny v sociálnom poistení. Zamestnanci s odvodovou úľavou. Zmeny pri dôchodkovom veku za výchovu dieťaťa. Zmeny v zdravotnom poistení. Zmeny vo verejnom a štátnom sektore.

Salvato in:
Dettagli Bibliografici
Autore principale: Matlovičová, Iveta
Natura: Capitolo di libro
Lingua:slovacco
Soggetti:
Tags: Aggiungi Tag
Nessun Tag, puoi essere il primo ad aggiungerne!!

MARC

LEADER 00000naa a2200000 4500
001 0265108
005 20200630143042.1
041 0 |a slo 
044 |a SK 
245 1 0 |a Legislatívne zmeny v mzdovej učtárni v roku 2020  |c Iveta Matlovičová 
520 |a Legislatívne zmeny, ktoré majú priamy dopad na vedenie a spracovanie mzdového účtovníctva. Zmeny v sociálnom poistení. Zamestnanci s odvodovou úľavou. Zmeny pri dôchodkovom veku za výchovu dieťaťa. Zmeny v zdravotnom poistení. Zmeny vo verejnom a štátnom sektore. 
610 2 0 |a účtovníctvo mzdové 
610 2 0 |a odvody 
610 2 0 |a poistenie sociálne 
610 2 0 |a poistenie zdravotné 
610 2 0 |a základ vymeriavací 
610 2 0 |a zamestnanci 
610 2 0 |a zamestnávatelia 
610 2 0 |a legislatíva 
100 1 |a Matlovičová, Iveta